00939nam a22002177a 4500999001700000005001700017010002600034020002600060035002300086037001300109082001400122100002300136245011400159260003100273270008300304300002800387700002700415942002800442952012700470952012400597 c88737d8873720230530150603.0 aENG-110895 ENG-137060 a9789351432364c995.00 aEN-94427 EN-120592 bDBAD/PUB a343.54052 aBagmar,Sandeep R. aMaster guide to income tax /cby Sandeep Bagmar R. [and] Sunny Kishore Bilaney; foreworded by Arvind P. Datar aGurgaonbLexis Nexisc2014 a14th Floor, Building No.10, Tower-B, DLF Cyber City, Phase-IIbGurgaone122002 alviii,587p. c24cm(pbk) aBilaney, Sunny Kishore 2ddccENmBAGh343.54052 001040718NFICaDBADbDBADd2014-09-17eDBAD/PUBg995.00l0o343.54052 BAGpEN-94427r2014-09-17 00:00:00t1v995.00yEN 001040708NFICaAVbAVd2023-05-30eDBAD/PUBg995.00l0o343.54052 BAGpEN-120592r2023-05-30 00:00:00t1v995.00yEN